|
|
|
|
| LEADER |
00000nab a2200000 ar4500 |
| 001 |
vtls010318489 |
| 003 |
SK-MaSNL |
| 005 |
20260303093503.0 |
| 008 |
111014c2011 xo wr|p|||||||000 b|slo |
| 038 |
|
|
|a PPPK
|
| 040 |
|
|
|a PPPKCL
|b slo
|c PPPKCL
|e AACR2
|
| 041 |
0 |
|
|a slo
|
| 044 |
|
|
|a xo
|c SK
|
| 080 |
|
|
|a 614.2:725.511
|2 2001
|
| 080 |
|
|
|a 69.059.3
|2 2001
|
| 245 |
0 |
0 |
|a Pripravujú rekonštrukciu psychiatrie
|c [autor] (mna)
|
| 610 |
2 |
7 |
|a Všeobecná nemocnica s poliklinikou (Levoča, Slovensko).
|b Psychiatrické oddelenie
|2 snkbucl
|9 1097003
|
| 610 |
2 |
7 |
|a Všeobecná nemocnica s poliklinikou (Levoča, Slovensko).
|b Urologické oddelenie
|2 snkbucl
|9 1088083
|
| 650 |
0 |
7 |
|a nemocnice
|2 pppkcl
|9 3008
|
| 650 |
0 |
7 |
|a rekonštrukcia budov
|2 pppkcl
|9 3966
|
| 651 |
|
7 |
|a Levoča (Slovensko)
|2 pppkcl
|9 26696
|
| 773 |
0 |
|
|t Podtatranské noviny
|g Roč. LII, č. 40 (2011), s. 3
|x 1210-2423
|
| 852 |
|
|
|a PPPK
|b KIS3GCP
|
| 999 |
|
|
|c 1815821
|d 1817751
|